| 000 | 01199nam a2200217Ia 4500 | ||
|---|---|---|---|
| 003 | Ost | ||
| 005 | 20260507075022.0 | ||
| 008 | 260507s9999||||xx |||||||||||||| ||und|| | ||
| 040 | _cfsecg | ||
| 041 | _aara | ||
| 082 | _a330 | ||
| 100 |
_aطه، مصطفى كمال _eمؤلف |
||
| 245 | 0 |
_aالعقود التجارية وعمليات البنوك : _bوفقا لقانون التجارة الجديد رقم 1999 / _c مصطفى كمال طه |
|
| 260 |
_aالاسكندرية: _bدار المطبوعات الجامعية, _c2002 |
||
| 300 |
_a411 صفحة؛ _bإيضاحات ؛ _c24 سم |
||
| 520 | _aالعقود التجارية- البيع التجاري- الرهن التجاري- الإيداع في المستودعات العامة- الوكالة التجارية- السمسرة- النقل- عقد نقل التكنولوجيا-عمليات البنوك- الحسابات المصرفية- الودائع النقدية- الإعتمادات المصرفية- العمليات على الصكوك المتداولة- سرية الحسابات بالبنوك | ||
| 653 | _aالبنوك | ||
| 653 | _aالشيكات | ||
| 653 | _aالعقود تجارية | ||
| 942 | _cكتاب | ||
| 999 |
_c42292 _d42292 |
||